[Event "BIH-chT 15th"]
[Site "Bihac"]
[Date "2016.07.17"]
[Round "2.2"]
[White "Mrndjic, Armin"]
[Black "Pandurevic, Miro"]
[Result "0-1"]
[WhiteElo "2166"]
[BlackElo "2275"]
[PlyCount "82"]
[EventDate "2016.07.16"]
[EventType "team-tourn"]
[EventRounds "9"]
[EventCountry "BIH"]
[SourceTitle "CBM 173 Extra"]
[Source "ChessBase"]
[SourceDate "2016.08.29"]
[SourceVersion "1"]
[SourceVersionDate "2016.08.29"]
[SourceQuality "1"]
[WhiteTeam "Konjic"]
[BlackTeam "Samac"]
[WhiteTeamCountry "BIH"]
[BlackTeamCountry "BIH"]

1. e4 Nf6 2. e5 Nd5 3. c4 Nb6 4. c5 Nd5 5. Nc3 e6 6. Bc4 Nxc3 7. dxc3 Nc6 8. Nf3 Bxc5 9. b4 Be7 10. 0-0 d6 11. Qe2 Nxe5 12. Nxe5 dxe5 13. Rd1 Bd6 14. Qg4 0-0 15. Bg5 f6 16. Bxe6+ Kh8 17. Bxc8 Qxc8 18. Qxc8 Rfxc8 19. Be3 b6 20. a3 Rd8 21. Kf1 Kg8 22. Ke2 Kf7 23. a4 a6 24. Rd5 Be7 25. Rad1 Rxd5 26. Rxd5 Ke6 27. Rd1 Rd8 28. Rxd8 Bxd8 29. Kd3 f5 30. f3 Be7 31. h3 b5 32. axb5 axb5 33. c4 c6 34. Bd2 Bh4 35. g4 g6 36. Be3 Be1 37. Bc5 Kf6 38. Bd6 Bg3 39. cxb5 cxb5 40. Ke3 Ke6 41. Bf8 Kd5 0-1

[Event "Sarajevo Bosna op 46th"]
[Site "Sarajevo"]
[Date "2016.06.03"]
[Round "9"]
[White "Jovanovic, Zoran"]
[Black "Mrndjic, Armin"]
[Result "1/2-1/2"]
[WhiteElo "2531"]
[BlackElo "2112"]
[PlyCount "97"]
[EventDate "2016.05.28"]
[EventType "swiss"]
[EventRounds "9"]
[EventCountry "BIH"]
[SourceTitle "CBM 172 Extra"]
[Source "ChessBase"]
[SourceDate "2016.06.21"]
[SourceVersion "1"]
[SourceVersionDate "2016.06.21"]
[SourceQuality "1"]

1. e4 e5 2. Nf3 Nc6 3. Bc4 Bc5 4. c3 Nf6 5. d3 0-0 6. 0-0 d6 7. Bb3 a6 8. Nbd2 Ba7 9. Re1 Be6 10. Nf1 Re8 11. Ng3 h6 12. h3 Qd7 13. Nh2 Bxb3 14. axb3 Ne7 15. Qf3 Qe6 16. b4 c6 17. Ng4 Nxg4 18. hxg4 f6 19. Nf5 Nxf5 20. gxf5 Qf7 21. g3 Rad8 22. Kg2 Kf8 23. Rh1 Ke7 24. Rh4 Rd7 25. Rg4 Kd8 26. Be3 Bxe3 27. Qxe3 Ke7 28. Rg6 Kf8 29. Rh1 Ke7 30. Rh4 Kd8 31. Qb6+ Ke7 32. c4 Red8 33. Rhg4 Ke8 34. Qe3 Qf8 35. d4 Rf7 36. d5 cxd5 37. exd5 Qe7 38. Re4 Kf8 39. Rh4 Qd7 40. Qf3 Rc8 41. b3 Rd8 42. Qh5 Rc8 43. Rgg4 b5 44. Qg6 Ke7 45. Qxg7 bxc4 46. bxc4 Rxc4 47. Qg6 Rc2 48. Rxh6 Qb5 49. Qxf7+ 1/2-1/2

[Event "Sarajevo Bosna op 46th"]
[Site "Sarajevo"]
[Date "2016.05.29"]
[Round "3"]
[White "Sutkovic, Damir"]
[Black "Mrndjic, Armin"]
[Result "1/2-1/2"]
[WhiteElo "2316"]
[BlackElo "2112"]
[PlyCount "20"]
[EventDate "2016.05.28"]
[EventType "swiss"]
[EventRounds "9"]
[EventCountry "BIH"]
[SourceTitle "EXT 2019"]
[Source "ChessBase"]
[SourceDate "2018.10.10"]
[SourceVersion "1"]
[SourceVersionDate "2018.10.10"]
[SourceQuality "1"]

1. Nf3 Nf6 2. c4 g6 3. d4 Bg7 4. g3 c6 5. Bg2 0-0 6. 0-0 d5 7. cxd5 cxd5 8. Nc3 Nc6 9. Bf4 a6 10. Ne5 e6 1/2-1/2

[Event "Sarajevo Bosna op 45th"]
[Site "Sarajevo"]
[Date "2015.05.31"]
[Round "3"]
[White "Mrndjic, Armin"]
[Black "Budisavljevic, Luka"]
[Result "1-0"]
[WhiteElo "2148"]
[BlackElo "1835"]
[PlyCount "77"]
[EventDate "2015.05.30"]
[EventType "swiss"]
[EventRounds "9"]
[EventCountry "BIH"]
[SourceTitle "CBM 166 Extra"]
[Source "ChessBase"]
[SourceDate "2015.06.18"]
[SourceVersion "1"]
[SourceVersionDate "2015.06.18"]
[SourceQuality "1"]

1. d4 Nf6 2. c4 c5 3. d5 e6 4. Nc3 exd5 5. cxd5 d6 6. e4 g6 7. f4 Bg7 8. Nf3 0-0 9. Be2 Bg4 10. 0-0 Nbd7 11. h3 Bxf3 12. Bxf3 Rb8 13. a4 a6 14. a5 b5 15. axb6 Qxb6 16. Qa4 Ra8 17. Kh2 Rfb8 18. Re1 Re8 19. Ra3 Qb4 20. Rb3 Qxa4 21. Nxa4 Rab8 22. Rxb8 Nxb8 23. Nb6 Re7 24. Nc8 Rd7 25. e5 Ne8 26. Bd2 Kf8 27. Bc3 Rd8 28. Nb6 Nc7 29. e6 Re8 30. f5 Bxc3 31. bxc3 Ke7 32. Be2 Rf8 33. fxg6 hxg6 34. Bg4 f5 35. Be2 Rf6 36. Nc8+ Kf8 37. Bc4 Ne8 38. Rb1 a5 39. Rxb8 1-0

[Event "Bihac-chT1"]
[Site "Bihac"]
[Date "2014.08.26"]
[Round "6"]
[White "Hadzic, Latif"]
[Black "Mrndjic, Armin"]
[Result "0-1"]
[WhiteElo "2026"]
[BlackElo "2173"]
[PlyCount "66"]
[EventDate "2014.08.23"]
[EventType "swiss"]
[EventRounds "9"]
[EventCountry "BIH"]
[SourceTitle "EXT 2015"]
[Source "ChessBase"]
[SourceDate "2014.11.20"]
[SourceVersion "1"]
[SourceVersionDate "2014.11.20"]
[SourceQuality "1"]

1. e4 d6 2. d4 Nf6 3. Nc3 g6 4. Be3 Bg7 5. f3 0-0 6. Qd2 e5 7. dxe5 dxe5 8. Qxd8 Rxd8 9. Rd1 Rxd1+ 10. Kxd1 Be6 11. Bb5 c6 12. Ba4 b5 13. Bb3 Bxb3 14. axb3 Nbd7 15. Nge2 Bf8 16. Nc1 a5 17. Nd3 a4 18. bxa4 b4 19. Nb1 Rxa4 20. Kc1 Ra5 21. Rd1 h6 22. b3 Kg7 23. Kb2 Be7 24. Nd2 Rb5 25. Nc4 g5 26. Ra1 Rb7 27. Ra6 Nb8 28. Ra5 Nfd7 29. Ncxe5 Nxe5 30. Nxe5 Bf6 31. Kc1 Nd7 32. Nxd7 Rxd7 33. Ra7 Rd8 0-1

[Event "Sarajevo Bosna op-B 44th"]
[Site "Sarajevo"]
[Date "2014.05.31"]
[Round "2"]
[White "Mrndjic, Armin"]
[Black "Bunjo, Adnan"]
[Result "1-0"]
[WhiteElo "2192"]
[BlackElo "1898"]
[PlyCount "55"]
[EventDate "2014.05.30"]
[EventType "swiss"]
[EventRounds "9"]
[EventCountry "BIH"]
[SourceTitle "CBM 160 Extra"]
[Source "ChessBase"]
[SourceDate "2014.07.01"]
[SourceVersion "1"]
[SourceVersionDate "2014.07.01"]
[SourceQuality "1"]

1. d4 c6 2. e4 d5 3. Nc3 dxe4 4. Nxe4 Bf5 5. Ng3 Bg6 6. Nf3 e6 7. h4 h6 8. Ne5 Bh7 9. Qh5 Qc7 10. Bc4 Nf6 11. Qe2 Nd5 12. Bb3 Nd7 13. 0-0 Be7 14. Nh5 Bf6 15. c4 Ne7 16. Bf4 Qd8 17. Rfe1 Bg6 18. Rad1 Bxh5 19. Qxh5 0-0 20. Bc2 Qe8 21. Bxh6 Bxe5 22. Bxg7 Kxg7 23. Qh7+ Kf6 24. Qh6+ Ng6 25. dxe5+ Ndxe5 26. Rxe5 Kxe5 27. Qg7+ f6 28. Qc7# 1-0

[Event "BIH-chT1B"]
[Site "Neum"]
[Date "2012.08.29"]
[Round "7.4"]
[White "Buljubasic, Sabahudin"]
[Black "Mrndjic, Armin"]
[Result "0-1"]
[WhiteElo "2345"]
[BlackElo "2193"]
[PlyCount "76"]
[EventDate "2012.08.25"]
[EventType "team-tourn"]
[EventRounds "9"]
[EventCountry "BIH"]
[SourceTitle "CBM 150 Extra"]
[Source "ChessBase"]
[SourceDate "2012.10.19"]
[SourceVersion "1"]
[SourceVersionDate "2012.10.19"]
[SourceQuality "1"]

1. e4 d6 2. d4 Nf6 3. Nc3 Nbd7 4. Nf3 e5 5. Bc4 Be7 6. 0-0 0-0 7. h3 c6 8. a4 a5 9. Re1 h6 10. b3 Re8 11. Bb2 Qc7 12. dxe5 dxe5 13. Rb1 Bc5 14. Nh4 Nf8 15. Qf3 Ne6 16. Bxe6 Bxe6 17. Ne2 Nh7 18. Qg3 f6 19. Nd4 Ng5 20. Nxe6 Nxe6 21. Nf5 Kh7 22. Rbd1 Rad8 23. Bc3 b6 24. Qg4 Qf7 25. g3 Ng5 26. h4 h5 27. Qe2 Nh3+ 28. Kg2 Nxf2 29. Rxd8 Rxd8 30. Bb2 g6 31. Ne3 Nxe4 32. Nc4 b5 33. axb5 cxb5 34. Nxe5 fxe5 35. Qxe4 Rd2+ 36. Re2 Rd1 37. Bxe5 Qf1+ 38. Kh2 Bg1+ 0-1

[Event "BIH-chT2"]
[Site "Tuzla"]
[Date "2010.07.23"]
[Round "8"]
[White "Mrndjic, Armin"]
[Black "Dautovic, Smail"]
[Result "1-0"]
[WhiteElo "2166"]
[BlackElo "2257"]
[PlyCount "72"]
[EventDate "2010.07.18"]
[EventType "team-swiss"]
[EventRounds "9"]
[EventCountry "BIH"]
[SourceTitle "CBM 137 Extra"]
[Source "ChessBase"]
[SourceDate "2010.09.01"]
[SourceVersion "1"]
[SourceVersionDate "2010.09.01"]
[SourceQuality "1"]

1. e4 d6 2. d4 g6 3. c4 Bg7 4. Nc3 f5 5. Nf3 Nh6 6. Be2 Nf7 7. h4 c6 8. Be3 Na6 9. Qd2 Qa5 10. Ng5 fxe4 11. Ngxe4 Bd7 12. a3 c5 13. dxc5 dxc5 14. 0-0 Qc7 15. Nd5 Qc8 16. h5 Bf5 17. Ng3 e6 18. Nxf5 gxf5 19. h6 Be5 20. Bh5 exd5 21. Qxd5 0-0 22. Bxf7+ Rxf7 23. Qxe5 Qe8 24. Qg3+ Kf8 25. Bf4 Rd8 26. Rad1 Rdd7 27. Rxd7 Rxd7 28. Bd6+ Rxd6 29. Qxd6+ Qe7 30. Qd5 Qf7 31. Qd8+ Qe8 32. Qf6+ Qf7 33. Qh8+ Ke7 34. Re1+ Kd6 35. Rd1+ Kc6 36. b3 b6 1-0